Southville International School and Colleges
Your cart is empty.
  • Cart
  • Lists
    Public lists Eva Luna New books Lux_list list_1
    Your lists Log in to create your own lists
  • Log in to your account
  • Your cookies
  • Search history
Southville International School and Colleges
  • Advanced search
  • Recent comments
  • Most popular
  • Libraries

Log in to your account

Log in with GOOGLE


If you do not have an external account, but do have a local account, you can still log in:

  1. Home
  2. MARC view: Choose to be happy :
Normal view MARC view ISBD view

Choose to be happy : (Record no. 288781)

[ view plain ]
MARC details
000 -LEADER
fixed length control field 00476nam a22001577a 4500
003 - CONTROL NUMBER IDENTIFIER
control field SISC
005 - DATE AND TIME OF LATEST TRANSACTION
control field 20170110101954.0
008 - FIXED-LENGTH DATA ELEMENTS--GENERAL INFORMATION
fixed length control field 150930b xxu||||| |||| 00| 0 eng d
020 ## - INTERNATIONAL STANDARD BOOK NUMBER
International Standard Book Number 9786218002128
050 ## - LIBRARY OF CONGRESS CALL NUMBER
Classification number BF 575
Item number .Sa175 2015
100 ## - MAIN ENTRY--PERSONAL NAME
Personal name Salonga, C.C.
245 ## - TITLE STATEMENT
Title Choose to be happy :
Remainder of title 100 happiness habits of happy people /
Statement of responsibility, etc C.C. Salonga.
260 ## - PUBLICATION, DISTRIBUTION, ETC. (IMPRINT)
Place of publication, distribution, etc Manila :
Name of publisher, distributor, etc Eresbooks Publishing, Inc.,
Date of publication, distribution, etc 2015.
300 ## - PHYSICAL DESCRIPTION
Extent viii, 232 pages ;
Dimensions 23 cm.
942 ## - ADDED ENTRY ELEMENTS (KOHA)
Source of classification or shelving scheme Library of Congress Classification
Koha item type Books
Call number prefix Local
Holdings
Withdrawn status Lost status Source of classification or shelving scheme Damaged status Home library Current library Shelving location Date acquired Source of acquisition Sub Shelving location Total Checkouts Total Renewals Full call number Barcode Date last seen Date checked out Price effective from Koha item type
    Library of Congress Classification   College Library College Library Reserve Section 09/30/2015 Donation   2 14 BF 575 .Sa175 2015 C20092 03/09/2019 02/09/2019 09/30/2015 Books

Choose to be happy :

APA

Salonga C., . (2015). Choose to be happy. Manila: Eresbooks Publishing, Inc.

Chicago

Salonga C.C, . 2015. Choose to be happy. Manila: Eresbooks Publishing, Inc.

Harvard

Salonga C., . (2015). Choose to be happy. Manila: Eresbooks Publishing, Inc.

MLA

Salonga C.C, . Choose to be happy. Manila: Eresbooks Publishing, Inc. 2015.

  • Place hold
  • Print
  • Cite
  • Add to your cart (remove)
  • Save record
    BIBTEX Dublin Core MARCXML MARC (non-Unicode/MARC-8) MARC (Unicode/UTF-8) MARC (Unicode/UTF-8, Standard) MODS (XML) RIS
  • More searches
    Search for this title in:
    Other Libraries (WorldCat) Other Databases (Google Scholar) Online Stores (Bookfinder.com) Open Library (openlibrary.org)

Exporting to Dublin Core...

SOUTHVILLE LIBRARY

Southville International School and Colleges Library

1281 Tropical Ave. Cor. Luxembourg St., BF Homes International, Las Pinas City

Tel. No. 8256374 / 252358 Loc. 117/146

Powered by Koha